000
00320nam a2200133Ia 4500
008
240624s9999 xx 000 0 und d
041
_a
eng
082
_a
332.678 GRA
100
_a
GRAHAM BENJAMIN
245
_a
INTELLIGENT INVESTOR
260
_c
2013
_a
New Delhi
_b
HarperCollins
300
_a
640 , p.
365
_c
RS
_b
25
999
_c
23531
_d
23531